01295nam a22002297a 450000500170000000800410001702000150005804000240007304100080009704400070010508200210011211101550013324501810028826001290046930000640059850001590066250400420082161000700086365000470093365000460098065000390102620150205105625.0071116s2006 ck abdo r 100 0 spa d a9589205679 aCO-BoPUJcCO-BoIAVH0 aspa ack04a580.744861bA16e2 aEncuentro internacional de ecología regional aplicada a la conservación de la flora y los ecosistemas alto andinos y de páramod(2005cBogotá)10aEncuentro internacional de ecología regional aplicada a la conservación de la flora y los ecosistemas alto andinos y de páramo :bmemorias /cAlcaldía Mayor de Bogotá aBogotá:bAlcaldía Mayor de Bogotá,bRed Nacional de Jardines Botánicos de Colombia,bBogota sin Indiferencia;c2006. a98 p.bilustraciones, fotos, mapas a color y tablasc23 cm. aEncuentro realizado en el marco de los eventos de conmemoración de los 50 años del Jardín Botánico de Bogotá José Celestino Mutis (1955-2005). aIncluye referencias bibliográficas.24aJardín Botánico de Bogotá José Celestino MutisxHistoria.14aEcología forestalzColombia.vCongresos.24aEcología vegetalzColombia.vCongresos.24aEcosistemaszColombia.vCongresos.